| 000 | 00506nam a2200193Ia 4500 | ||
|---|---|---|---|
| 008 | 220531s9999 xx 000 0 und d | ||
| 041 | _aeng | ||
| 082 |
_a- _bINC / WAK |
||
| 100 |
_aWakale, L. P. _964628 |
||
| 245 | _aIncome Tax : Tax And Procedure (Assessment Year 2016-17) | ||
| 250 | _a1ST | ||
| 260 |
_aSangamner _bGayatri _c2015 |
||
| 300 | _a300 | ||
| 542 | _d15-12-2015 | ||
| 551 |
_aCommerce _bGrantebal-C |
||
| 650 |
_aIncome Tax _964629 |
||
| 906 | _d2015-2016 | ||
| 999 |
_c36628 _d36628 |
||